Paseo cultural y otros temas periodísticos. / (Registro nro. 13571)

Detalles MARC
000 -LIDER
fixed length control field 01496nam a2200349 a 4500
001 - NÚMERO DE CONTROL
Identificador de número de control
003 - IDENTIFICACDOR DE NÚMERO DE CONTROL
control field DO-SdBNP
005 - DATE AND TIME OF LATEST TRANSACTION
control field 20210716100137.0
008 - ELEMENTOS DE LONGITUD FIJA
fixed length control field 150602s2017 dr 000 0 spa d
020 ## - ISBN
International Standard Book Number 9789945590678
040 ## - FUENTE DE CATALOGACIÓN
Agencia que crea de manera original el registro BPMSU
Idioma de catalogación spa
Agencia que realiza la transcripción BPMSU
082 ## - NÚMERO DE CLASIFICACIÓN DECIMAL DE DEWEY
Classification number RD864.44
Item number P925p,2016
Edition number 22
111 2# - ASIENTO PRINCIPAL--NOMBRE DE REUNIÓN O CONFERENCIA
Nombre de reunión o jurisdicción como elemento de entrada Premios FUNGLODE
Fecha de la reunión (2016 :
Lugar de la reunión Santo Domingo)
245 10 - MENCIÓN DE TITULO
Título Paseo cultural y otros temas periodísticos. /
Mención de responsabilidad Mayra Pérez Castillo...[et al.].
260 ## - PUBLICACIÓN, DISTRIBUCIÓN, ETC. (PIE DE IMPRENTA)
Lugar de publicación, distribución, etc Santo Domingo :
Nombre del editor, distribuidor, etc. FUNGLODE,
Fecha de publicación, distribución, etc 2017.
300 ## - DESCRIPCIÓN FÍSICA
Extensión 206 p. ;
Dimensiones 24 cm.
490 0# - MENCIÓN DE SERIES
Mención de serie Premios FUNGLODE/ GFDD
-- Periodismo
505 0# - NOTA DE CONTENIDO
Información miscelánea Primer lugar --
Título Paseo cultural /
Mención de responsabilidad Mayra Pérez Castillo --
Información miscelánea Segundo lugar --
Título Era de Trujillo a sus 55 años /
Mención de responsabilidad Héctor Francisco Minaya Rosario --
Información miscelánea Tercer lugar --
Título Las emergencias en emergencia /
Mención de responsabilidad Doris Pantaleón --
Información miscelánea Mención --
Título Hospitales del Sur /
Mención de responsabilidad Ana Lisinia Batista Mateo --
Información miscelánea Mención --
Título Aislados para salverse /
Mención de responsabilidad Adriana Peguero --
Información miscelánea Mención --
Título El legado de Salomé /
Mención de responsabilidad Carmen Teresa Guzmán --
586 ## - AWARDS NOTE
Awards note Premio FUNGLODE de Periodismo Rafael Herrera, 2016
590 ## - NOTA LOCAL
Texto de la nota local Inventariado, 2021/VM
650 #4 - ENCABEZAMIENTO DE MATERIA--TEMÁTICO
Término temático o nombre geográfico como elemento de entrada Ensayos dominicanos
Subdivisión geográfica
650 #4 - ENCABEZAMIENTO DE MATERIA--TEMÁTICO
Término temático o nombre geográfico como elemento de entrada Artículos periodísticos
650 #4 - ENCABEZAMIENTO DE MATERIA--TEMÁTICO
Término temático o nombre geográfico como elemento de entrada Certamenes literarios
700 1# - ASIENTO SECUNDARIO -- NOMBRE PERSONAL
Nombre personal Pérez Castillo, Mayra
700 1# - ASIENTO SECUNDARIO -- NOMBRE PERSONAL
Nombre personal Minaya Rosario, Héctor Francisco
700 1# - ASIENTO SECUNDARIO -- NOMBRE PERSONAL
Nombre personal Pantaleón, Doris
700 1# - ASIENTO SECUNDARIO -- NOMBRE PERSONAL
Nombre personal Batista Mateo, Ana Lisania
700 1# - ASIENTO SECUNDARIO -- NOMBRE PERSONAL
Nombre personal Peguero, Adriana
700 1# - ASIENTO SECUNDARIO -- NOMBRE PERSONAL
Nombre personal Guzmán, Carmen Teresa
910 ## - VALIDACIÓN
Validación VMateo V
942 ## - ADDED ENTRY ELEMENTS (KOHA)
Source of classification or shelving scheme Dewey Decimal Classification
Koha item type Libros
Existencias
Withdrawn status Lost status Source of classification or shelving scheme Damaged status Not for loan Collection code Home library Current library Date acquired Source of acquisition Total Checkouts Full call number Barcode Date last seen Price effective from Koha item type
    Dewey Decimal Classification     Colección Dominicana Biblioteca Pública Metropolitana Salomé Ureña Biblioteca Pública Metropolitana Salomé Ureña 07/16/2021 FUNGLODE   BPMSU CD RD864.44 P925p 2016 BPMSU21070003 07/16/2021 07/16/2021 Libros